Trials of the Century - Statistics

General Stats
  • This quiz has been taken 14 times
  • The average score is 8 of 15
Answer Stats
year subject matter trial % Correct
1995 murder of ex-wife OJ Simpson
100%
1970-71 cult murders Charles Manson
85%
1998-99 lying under oath about an affair Clinton impeachment
85%
2021 murder by police officer Derek Chauvin
69%
1945-46 Nazi war crimes Nuremberg Trials
69%
1961 orchestration of the Holocaust Adolf Eichmann
62%
1893 axe murders Lizzie Borden
62%
1990s murder of parents The Menendez Brothers
54%
2011 murder of daughter Casey Anthony
46%
1951 espionage Julius and Ethel Rosenberg
46%
1925 evolution in schools Scopes Monkey trial
46%
1894 treason Alfred Dreyfus
38%
1924 murder, or "the perfect crime" Leopold and Loeb
38%
1994 dismemberment Lorena Bobbitt
15%
1921-22 manslaughter Roscoe “Fatty” Arbuckle
15%
No matching quizzes found
Score Distribution
Percent of People with Each Score
Percentile by Number Answered
Your Score History
You have not taken this quiz